| 000 | 00928cam a2200205 4500 | ||
|---|---|---|---|
| 001 | WB3845-16 | ||
| 008 | 021205n2002 000 0 eng u | ||
| 035 | _a(Sirsi) u120684 | ||
| 245 | _aNew protection for homeless | ||
| 260 | _c2002 | ||
| 490 |
_aODPM News Release _v3 December 2002, (3) |
||
| 520 | _aGovernment has announced new measures to provide more support and protection for homeless families with children. Measures include plans to outlaw the use of bed and breakfast hotels for homeless families except in emergencies, and funding of over £350 000 to improve the quality of temporary accommodation and to help families resettle in permanent housing. www.odpm.gov.uk/news/0212/0140.htm | ||
| 590 | _aWB | ||
| 650 | _aHOMELESS FAMILIES | ||
| 650 | _aSOCIAL HOUSING | ||
| 650 | _aTEMPORARY ACCOMMODATION | ||
| 650 | _aBED AND BREAKFAST ACCOMMODATION | ||
| 690 |
_aAffordable housing _96215 |
||
| 942 | _n0 | ||
| 999 |
_c71716 _d71716 |
||